A revolução na saúde (Registo nº 200509)

Detalhes MARC
000 -Etiqueta do registo
Valores 00469nam 22001813 4500
100 ## - Dados gerais de processamento
Dados gerais 20260210d u||y0pory50 ba
200 ## - Titulo e menção de responsabilidade
Título próprio A revolução na saúde
Primeira menção de responsabilidade por Serge Jurasunas
205 ## - Menção da edição
Edição
210 ## - Publicação
Local de publicação [s.l]
Nome do editor Natipress
Data de publicação [1999]
215 ## - Descrição física 
Paginação / Volumes 620 p.
Outras indicações físicas brochado
Dimensões 24 cm
606 ## - Nome comum usado como assunto
ID Autoridade 927
Palavra de ordem Medicina
675 ## - CDU
Notação 61
Edição PT
Língua por
700 ## - Autor principal (pessoa individual)
ID Autoridade 16321
Apelido Jurasunas
Nome Serge
801 ## - Fonte de origem
País PT
Agência BMMN
Regras de catalogação RPC
830 ## - Notas gerais do catalogador
Criado por Fernando
Indexado por Fernando
990 ## - Elementos KOHA
Tipo de documento Livro
Exemplares
Situação do levantamento Biblioteca de origem Código de barras Cota Permissão de empréstimo Tipo de documento Forma de aquisição
  Biblioteca Municipal de Montemor-o-Novo 29692 61JUR|DEP   Livro Compra

Powered by Koha